Отмъщението на слона и разни други щури истории в карикатури (Запис номер 131517)
[ съкратено ]
| 000 -Лидер | |
|---|---|
| Контролно поле с фиксирана дължина | 01470nam a2200325 c 4500 |
| 003 - Код на организацията, давaща контролен номер | |
| Контролно поле | BLK |
| 005 - Дата и час на последна редакция | |
| Контролно поле | 20250121133802.0 |
| 008 - Елементи от данни с фиксирана дължина | |
| fixed length control field | 180409b bul|||||r ||||||| ||bul|| |
| 010 ## - Наследен системен номер | |
| LC control number | KNG00137339000 |
| 020 ## - Международен стандартен номер на книга ISBN | |
| Международен стандартен номер на книга ISBN | 954-8121-07-7 |
| -- | издат.: Лит. форум |
| 040 ## - Източник на каталожния запис | |
| Идентификатор на билиотеката - собственик на записа | BLK |
| 041 ## - Код за език | |
| Код за езика на текст/звукозапис или на отделно заглавие | Български |
| Код за езика КДБФ | Български |
| 080 ## - УДК | |
| Текстов определител УДК | Немска литература |
| УДК код - определител по УДК | 821.112.2 |
| УДК определител | -93-1 |
| УДК - код + определител | 821.112.2-93-1 |
| 100 ## - Редна дума - Автор | |
| Автор | Буш, Вилхелм |
| R(LIN) | 364474 |
| 139 ## - Редно поле | |
| Редна дума | Буш, Вилхелм |
| Авторски знак | Бух - Б 90 |
| 245 10 - Сведения за заглавието | |
| Заглавие | Отмъщението на слона и разни други щури истории в карикатури |
| Подзаглавни данни | За деца |
| Редно поле (дума) | Вилхелм Буш; прев. от нем. Марко Ганчев; худож. Вилхелм Буш. |
| 257 ## - Страна на издаване | |
| Страна на създаване/издаване | Германия |
| 260 ## - Област на издателските данни | |
| -- | София |
| Име на издателя, разпространителя и проч. | Лит. форум |
| Година на издаване | 1992 |
| 300 ## - Физическа характеристика | |
| Страници | 164 с. |
| Илюстрации и др. | с ил. |
| Размери/Мащаб | 19 см |
| 380 ## - Жанр | |
| Жанр | Детска худож. лит. |
| 500 ## - Общи забележки | |
| Забележка | Прев. е направен от Das Gesamtwerk des Zeichners und Dichters in sechs Bauden / Wilhelm Busch. |
| 700 ## - Други автори (авторска отговорност) | |
| Лично име | Буш, Вилхелм |
| 9 (RLIN) | 364474 |
| 700 ## - Други автори (авторска отговорност) | |
| Лично име | Ганчев, Марко |
| Друга информация | Писател и поет, сатирик, преводач от немски и белоруски |
| Дати, свързани с автора | 1932- |
| Пълна форма на името | Маринов, Марко Ганчев |
| Автороска отговорност (Описва отношението между автора и произведението) | прев. от нем. |
| 9 (RLIN) | 267403 |
| 852 ## - Местоположение | |
| Форматна сигнатура | Цб 257139 |
| 856 4# - Електронен адрес и достъп | |
| Електронен формат | pdf - файл |
| Път до файла /url/ | |
| 856 4# - Електронен адрес и достъп | |
| Електронен формат | pdf - файл |
| Път до файла /url/ | |
| 942 ## - АРТИКУЛИ | |
| Вид на библиотечния материал | Книги |
| Скрит в OPAC | Не |
| 944 ## - СЪЗДАВАНЕ И РЕДАКЦИЯ на ЗАПИСА | |
| Създаване/Редакция | Създаване |
| Дата на регистрацията/редакция | 14.12.2012 |
| Статус, дата на статуса | Кети Илиева |
| Служител, извършил регистрацията/редакцията | 30550 |
| 944 ## - СЪЗДАВАНЕ И РЕДАКЦИЯ на ЗАПИСА | |
| Създаване/Редакция | Редакция |
| Дата на регистрацията/редакция | 14.12.2012 |
| Статус, дата на статуса | 14.12.2012 - от С1,Р / 14.12.2012 |
| Служител, извършил регистрацията/редакцията | |
| 999 ## - СИСТЕМНИ КОНТРОЛНИ НОМЕРА | |
| Koha biblionumber | 131517 |
| Koha biblioitemnumber | 131517 |
| Код за отписване | Код за изгубен артикул | Източник на класификационната схема | Код за повреда | Коз за рестрикции | Код за отдаване | Артикулен № | Име на библиотеката - собственик | Име на библиотеката, в която се намира в момента | Статус (Текущо местоположение) | Дата на вписване в системата | Местоположение - отдел | Цена в лева | Инвентарен номер | Систематично азбучна сигнатура | Баркод | Номер на екземпляра | Цена в евро | Служебна бележка | Служебен тип на артикула |
|---|---|---|---|---|---|---|---|---|---|---|---|---|---|---|---|---|---|---|---|
| Не е изгубен | Universal Decimal Classification | Не е повреден | без рестрикции | ползва се в читалня | 214572 | Регионална библиотека "Любен Каравелов" Русе | Регионална библиотека "Любен Каравелов" Русе | Хранилище | 1992-01-01 | Хранилище | 0.63 | 582233 | Цб 257139 | 120000582233 | 1 | 0.32 | N: стар фонд Дата: 01.01.1992 | Книги | |
| Изтеглен | Не е изгубен | Universal Decimal Classification | Не е повреден | без рестрикции | заемане за дома | 214573 | Регионална библиотека "Любен Каравелов" Русе | Регионална библиотека "Любен Каравелов" Русе | Детски отдел | 1992-01-01 | Детски отдел | 0.36 | 602807 | ДХ 820/899/Б 90 | 602807 | 2 | 0.18 | N: стар фонд Дата: 01.01.1992 Дата инв: 15.09.2015 Бележки инв: Д2015 | Книги |
| Не е изгубен | Universal Decimal Classification | Не е повреден | без рестрикции | заемане за дома | 214574 | Регионална библиотека "Любен Каравелов" Русе | Регионална библиотека "Любен Каравелов" Русе | Детски отдел | 1992-01-01 | Детски отдел | 0.36 | 602808 | ДХ 820/899/Б 90 | 120000602808 | 3 | 0.18 | N: стар фонд Дата: 01.01.1992 Дата инв: 15.09.2015 Бележки инв: Д2015 | Книги | |
| Изтеглен | Не е изгубен | Universal Decimal Classification | Не е повреден | без рестрикции | заемане за дома | 214575 | Регионална библиотека "Любен Каравелов" Русе | Регионална библиотека "Любен Каравелов" Русе | Детски отдел | 1992-01-01 | Детски отдел | 0.36 | 602809 | ДХ 820/899/Б 90 | 602809 | 4 | 0.18 | N: стар фонд Дата: 01.01.1992 Дата инв: 15.09.2015 Бележки инв: Д2015 | Книги |